000 00703nam a2200289Ia 4500
005 20260324142002.0
008 008 260324s9999 xx 000 0 eng d
020 _a9780203714171
037 _aEBOOK
040 _aCRL
040 _beng
040 _cCRL
041 _2eng
041 _aeng
084 _qCRL
100 _aPaul N. Perrot; Jane R. Glaser; Artemis A. Zenetou
_91210255
245 0 _aMuseums: A Place to Work
245 0 _bPlanning Museum Careers
260 _bTaylor and Francis
260 _c1996
365 _a
365 _b290
856 _uhttp://www.taylorfrancis.com/books/9780203714171
942 _cEBOOK
999 _c1813933
_d1813933